Southville International School and Colleges
Your cart is empty.
  • Cart
  • Lists
    Public lists Eva Luna New books Lux_list list_1
    Your lists Log in to create your own lists
  • Log in to your account
  • Your cookies
  • Search history
Southville International School and Colleges
  • Advanced search
  • Recent comments
  • Most popular
  • Libraries

Log in to your account

Log in with GOOGLE


If you do not have an external account, but do have a local account, you can still log in:

  1. Home
  2. MARC view: Red leaf, yellow leaf /
Normal view MARC view ISBD view

Red leaf, yellow leaf / (Record no. 103131)

[ view plain ]
MARC details
000 -LEADER
fixed length control field 00522nam a2200169 a 4500
005 - DATE AND TIME OF LATEST TRANSACTION
control field 20140412111250.0
008 - FIXED-LENGTH DATA ELEMENTS--GENERAL INFORMATION
fixed length control field 000823s19uu xx 00 eng d
020 ## - INTERNATIONAL STANDARD BOOK NUMBER
International Standard Book Number 0-15-266197-2
050 ## - LIBRARY OF CONGRESS CALL NUMBER
Classification number TR(PS E
Item number Re22 1991
100 ## - MAIN ENTRY--PERSONAL NAME
Personal name Ehlert, Lois
245 ## - TITLE STATEMENT
Title Red leaf, yellow leaf /
Statement of responsibility, etc by Lois Ehlert.
260 ## - PUBLICATION, DISTRIBUTION, ETC. (IMPRINT)
Place of publication, distribution, etc San Diego :
Name of publisher, distributor, etc Harcourt Brace & Company,
Date of publication, distribution, etc 1991.
300 ## - PHYSICAL DESCRIPTION
Extent 1 v. (unp.) ; ill.
520 ## - SUMMARY, ETC.
Summary, etc A child describes the growth of a maple tree from seed to sapling.
650 ## - SUBJECT ADDED ENTRY--TOPICAL TERM
Topical term or geographic name as entry element Trees-Fiction
Holdings
Withdrawn status Lost status Damaged status Home library Current library Shelving location Date acquired Source of acquisition Cost, normal purchase price Total Checkouts Full call number Barcode Date last seen Price effective from Koha item type
      Elizalde Library Elizalde Library Teachers Reference Section 08/23/2000   512.00   TR(PS E Re22 1991 E3905 04/12/2014 04/12/2014 Books

Red leaf, yellow leaf /

APA

Ehlert L., . (1991). Red leaf, yellow leaf. San Diego: Harcourt Brace & Company.

Chicago

Ehlert Lois, . 1991. Red leaf, yellow leaf. San Diego: Harcourt Brace & Company.

Harvard

Ehlert L., . (1991). Red leaf, yellow leaf. San Diego: Harcourt Brace & Company.

MLA

Ehlert Lois, . Red leaf, yellow leaf. San Diego: Harcourt Brace & Company. 1991.

  • Place hold
  • Print
  • Cite
  • Add to your cart (remove)
  • Save record
    BIBTEX Dublin Core MARCXML MARC (non-Unicode/MARC-8) MARC (Unicode/UTF-8) MARC (Unicode/UTF-8, Standard) MODS (XML) RIS
  • More searches
    Search for this title in:
    Other Libraries (WorldCat) Other Databases (Google Scholar) Online Stores (Bookfinder.com) Open Library (openlibrary.org)

Exporting to Dublin Core...

SOUTHVILLE LIBRARY

Southville International School and Colleges Library

1281 Tropical Ave. Cor. Luxembourg St., BF Homes International, Las Pinas City

Tel. No. 8256374 / 252358 Loc. 117/146

Powered by Koha